000 01501nam0a2200337 4500
001 RU\NLR\BIBL_A\011503960
005 20260406164815.0
010 _a978-5-906910-33-2
035 _a(NILC)LIBNET\0000771637
035 _a(NLR Aleph) 011503960
090 _a12009529
_c12009530
100 _a20171020d2017 |||y0rusy50 ca
101 0 _arus
102 _aRU
105 _ay z 000 y
200 1 _aСофокл и его трагедийное творчество
_eнаучно-популярные статьи
_fФ. Ф. Зелинский
_gсоставление и предислович О. А. Лукьянченко
210 _aСанкт-Петербург
_cАлетейя
_cИсторическая книга
_d2017
215 _a414, [1] с.
_cил.
_d22
225 1 _aСерия Новая античная библиотека
_iИсследования
320 _aБиблиогр. в подстроч. примеч.
333 _a16+
600 0 _aСофокл
_fок.496 - 406 до н.э.
_91664428
_3RU\NLR\AUTH\661036460
686 _a83.3(0)321-8я91
_vLBC/M
_2rubbk
686 1 _aШ5(0)333-4Софокл
700 1 _aЗелинский
_bФ. Ф.
_f1859-1944
_gФаддей Францевич
_3RU\NLR\AUTH\7768704
_951632
702 0 _4570
_8rus
_7ca
_aСофокл
_fок.496-406 до н.э.
_3RU\NLR\AUTH\7711233
_9120987
801 0 _aRU
_bТюменская ОНБ
_c20170427
_grcr
942 _cBOOK
980 _aNB